عرض عادي
عرض مارك
- Cross Infection
مدخل مصطلح موضوعي
001 - رقم الضبط
- حقل الضبط: 38848
003 - معرف رقم الضبط
- حقل الضبط: OSt
005 - تاريخ ووقت أخر عملية
- حقل الضبط: 20131101183210.0
008 - عناصر بيانات ثابتة الطول
- حقل تحكم ثابت الطول: 131101|||a|||||| | ||| d
040 ## - مصدر الفهرسة
- هيئة الفهرسة الأصلية: OSt
- وكالة الكتابة: OSt
150 ## - مدخل-- مصطلح تاريخي
- عنصر مدخل المصطلح الموضوعي او الاسم الجغرافي: Cross Infection
- تفريع عام: prevention & control
- تفريع جغرافي: United States.
670 ## - بيانات المصدر موجوده
- الاستشهاد بالمصدر: Work cat.: (OSt)0: Epidemic of medical errors and hospital-acquired infections :, c2012.
